Gaming Quiz

Random Gaming Quiz

Skyrim Tour Guide Exam Quiz Stats

Quiz not verified by Sporcle

Challenge
Share
Tweet
Score 0/20 Timer 07:00
0 Plays Today
% Correct
Solitude
94%
Markarth
92.7%
Windhelm
89.4%
Whiterun
87.4%
Mage Stone
86.1%
Fus Ro Dah
83.7%
General Tullius, Ulfric Stormcloak
81.6%
Slaughterfish
77.8%
Dawnstar
77.3%
Throat of the World
75.7%
% Correct
Shrine of Azura
70.7%
High Hrothgar
68.3%
Dwemer
66.7%
Hevnoraak, Krosis, Morokei, Nahkriin, Otar the Mad, Rahgot, Vokun, Volsung
52.9%
Sleeping Giant Inn
47.1%
Arcadia's Cauldron
43.7%
Ataxia
33.3%
Eldergleam
31.4%
Brain Rot
27.8%
Lake Honrich
20.2%

You're not logged in!

Compare scores with friends on all Sporcle quizzes.
Sign Up with Email
OR
Log In

You Might Also Like...

Show Comments

Extras

Top Quizzes Today


Score Distribution

Your Account Isn't Verified!

In order to create a playlist on Sporcle, you need to verify the email address you used during registration. Go to your Sporcle Settings to finish the process.